[Event "Schwarzach op-B 18th"]
[Site "Salzburg"]
[Date "2003.08.31"]
[Round "9.6"]
[White "Schmidt, Matthias"]
[Black "Stefanovic, Dragan"]
[Result "1-0"]
[WhiteElo "1920"]
[BlackElo "1766"]
[PlyCount "117"]
[EventDate "2003.08.23"]
[EventType "swiss"]
[EventRounds "9"]
[EventCountry "AUT"]
[SourceTitle "EXT 2004"]
[Source "ChessBase"]
[SourceDate "2003.11.25"]
[SourceVersion "1"]
[SourceVersionDate "2003.11.25"]
[SourceQuality "1"]

1. Nf3 d5 2. c4 c6 3. d4 Nf6 4. Nc3 e6 5. cxd5 exd5 6. Qb3 Nbd7 7. e4 Qb6 8. e5 Qxb3 9. axb3 Ng8 10. Be2 Nb6 11. Be3 Ne7 12. 0-0 Ng6 13. Bd3 Be7 14. h3 Nh4 15. Nxh4 Bxh4 16. f4 Be7 17. f5 Bd7 18. Rf3 a6 19. Bf4 Kd8 20. Re1 Bh4 21. g3 Be7 22. Kg2 Rc8 23. e6 fxe6 24. fxe6 Be8 25. Be5 Rf8 26. Bxg7 Rxf3 27. Kxf3 Bg6 28. Bxg6 hxg6 29. Ne2 Kc7 30. Nf4 g5 31. Ng6 Bd6 32. Be5 Rg8 33. Bxd6+ Kxd6 34. e7 Kd7 35. Kg4 Nc8 36. Kxg5 Ke8 37. h4 Nd6 38. h5 Nf7+ 39. Kf4 Nd6 40. g4 Rg7 41. Ke5 Nc8 42. Kf6 Rf7+ 43. Kg5 Nd6 44. Nh4 Ne4+ 45. Kg6 Kxe7 46. Nf5+ Kf8 47. g5 b6 48. Rh1 Rxf5 49. Kxf5 Ng3+ 50. Kf6 Nxh1 51. h6 Kg8 52. g6 Ng3 53. h7+ Kh8 54. g7+ Kxh7 55. Kf7 Kh6 56. g8Q Kh5 57. Qg6+ Kh4 58. Qxc6 Kg5 59. Qxd5+ 1-0

[Event "Schwarzach op-B 18th"]
[Site "Salzburg"]
[Date "2003.08.30"]
[Round "8.8"]
[White "Stefanovic, Dragan"]
[Black "Widowitz, Josef"]
[Result "1-0"]
[WhiteElo "1766"]
[BlackElo "1985"]
[PlyCount "95"]
[EventDate "2003.08.23"]
[EventType "swiss"]
[EventRounds "9"]
[EventCountry "AUT"]
[SourceTitle "EXT 2004"]
[Source "ChessBase"]
[SourceDate "2003.11.25"]
[SourceVersion "1"]
[SourceVersionDate "2003.11.25"]
[SourceQuality "1"]

1. e4 c5 2. Nc3 Nc6 3. g3 Nf6 4. Bg2 g6 5. Nge2 Bg7 6. d3 0-0 7. 0-0 d6 8. Bg5 h6 9. Be3 Ng4 10. Bd2 f5 11. h3 Nf6 12. f4 Rb8 13. a4 Kh7 14. Kh2 a6 15. Qc1 e6 16. Be3 Qe7 17. Qd2 Nb4 18. Rfb1 Bd7 19. Ra3 Nh5 20. Bf3 Nf6 21. Bg2 Rfe8 22. Raa1 Nh5 23. Bf2 d5 24. e5 d4 25. Nd1 Bc6 26. c3 dxc3 27. bxc3 Nd5 28. d4 g5 29. Bf3 Ndxf4 30. Bxc6 bxc6 31. gxf4 cxd4 32. cxd4 Rxb1 33. Rxb1 g4 34. Qb4 Qd7 35. Qc4 Rg8 36. Rb6 c5 37. Qxe6 Qxa4 38. Qxf5+ Kh8 39. Ndc3 Qa5 40. dxc5 g3+ 41. Bxg3 Nxg3 42. Kxg3 Qxc5 43. Rg6 a5 44. Qe4 Rb8 45. Qd4 Qf8 46. Qd7 Rb3 47. Kg4 Rb4 48. Nd4 1-0

[Event "AUT-chT2W 9798"]
[Site "Austria"]
[Date "1998.??.??"]
[Round "8"]
[White "Dorner, Guenther"]
[Black "Stefanovic, Dragan"]
[Result "1/2-1/2"]
[WhiteElo "2110"]
[BlackElo "1790"]
[PlyCount "34"]
[EventDate "1997.??.??"]
[EventType "team-tourn"]
[EventRounds "11"]
[EventCountry "AUT"]
[SourceTitle "EXT 1999"]
[Source "ChessBase"]
[SourceDate "1998.11.16"]
[SourceVersion "1"]
[SourceVersionDate "1998.11.16"]
[SourceQuality "1"]

1. e4 c5 2. c3 d5 3. exd5 Qxd5 4. d4 cxd4 5. cxd4 Nc6 6. Nf3 Bg4 7. Be2 e6 8. 0-0 Bd6 9. h3 h5 10. Nc3 Qa5 11. Nb5 Bb8 12. hxg4 hxg4 13. Ne5 a6 14. Bd2 Qd8 15. g3 Qd5 16. Bf3 gxf3 17. Nc3 Qxd4 1/2-1/2

[Event "AUT-chT2W 9798"]
[Site "Austria"]
[Date "1998.??.??"]
[Round "9"]
[White "Stefanovic, Dragan"]
[Black "Mrsic, Robert"]
[Result "1/2-1/2"]
[WhiteElo "1790"]
[BlackElo "1960"]
[PlyCount "28"]
[EventDate "1997.??.??"]
[EventType "team-tourn"]
[EventRounds "11"]
[EventCountry "AUT"]
[SourceTitle "EXT 1999"]
[Source "ChessBase"]
[SourceDate "1998.11.16"]
[SourceVersion "1"]
[SourceVersionDate "1998.11.16"]
[SourceQuality "1"]

1. e4 d6 2. Nf3 Nf6 3. Nc3 e5 4. d4 exd4 5. Nxd4 Be7 6. Bc4 0-0 7. Be3 Ng4 8. Bf4 a6 9. Qd2 Ne5 10. Bb3 Nbc6 11. Nxc6 Nxc6 12. a3 Bf6 13. 0-0 Be6 14. Bd5 Qd7 1/2-1/2

[Event "Werfen op-B"]
[Site "Werfen"]
[Date "1994.??.??"]
[Round "3"]
[White "Essl, Gerhard"]
[Black "Stefanovic, Dragan"]
[Result "1/2-1/2"]
[WhiteElo "1740"]
[BlackElo "1820"]
[PlyCount "95"]
[EventDate "1994.08.??"]
[EventType "swiss"]
[EventRounds "9"]
[EventCountry "AUT"]
[SourceTitle "EXT 2000"]
[Source "ChessBase"]
[SourceDate "1999.11.16"]
[SourceVersion "1"]
[SourceVersionDate "1999.11.16"]
[SourceQuality "1"]

1. c4 c5 2. Nc3 Nc6 3. Nf3 Nf6 4. d4 cxd4 5. Nxd4 g6 6. g3 Bg7 7. Bg2 0-0 8. 0-0 Qb6 9. Ndb5 a6 10. Na4 Qd8 11. Be3 axb5 12. Bb6 Qe8 13. cxb5 Ne5 14. Bc7 Rxa4 15. Qxa4 d6 16. Qb4 Ned7 17. a4 Nc5 18. Rac1 Be6 19. Rfd1 Qc8 20. Bb6 Nfd7 21. Bxc5 Nxc5 22. Qa3 Qa8 23. h4 Bb3 24. Re1 Qxa4 25. Qxa4 Bxa4 26. b4 Ne6 27. Bxb7 Bxb5 28. Bc8 Nd4 29. Bg4 f5 30. Bf3 e5 31. Bd5+ Kh8 32. Bc4 e4 33. Kf1 Rb8 34. Red1 Be5 35. e3 Nb3 36. Rc2 Bxc4+ 37. Rxc4 Kg8 38. Kg2 Kf7 39. Kh3 Ke6 40. h5 g5 41. Rc6 h6 42. Rc7 g4+ 43. Kg2 Kf6 44. Ra7 Rxb4 45. Rb1 Bc3 46. Ra6 Ke6 47. Ra7 Kf6 48. Ra6 1/2-1/2

[Event "Werfen op-B"]
[Site "Werfen"]
[Date "1994.??.??"]
[Round "9"]
[White "Lederer, Peter"]
[Black "Stefanovic, Dragan"]
[Result "1-0"]
[WhiteElo "1810"]
[BlackElo "1820"]
[PlyCount "93"]
[EventDate "1994.08.??"]
[EventType "swiss"]
[EventRounds "9"]
[EventCountry "AUT"]
[SourceTitle "EXT 2000"]
[Source "ChessBase"]
[SourceDate "1999.11.16"]
[SourceVersion "1"]
[SourceVersionDate "1999.11.16"]
[SourceQuality "1"]

1. e4 e5 2. Nf3 Nf6 3. Nxe5 Qe7 4. Nf3 Qxe4+ 5. Qe2 d5 6. Nc3 Qxe2+ 7. Bxe2 c6 8. 0-0 Bd6 9. Re1 0-0 10. d4 Bf5 11. Bd1 Nbd7 12. Nh4 Rfe8 13. Rxe8+ Rxe8 14. Bd2 Be6 15. f4 g6 16. h3 Ne4 17. Nxe4 dxe4 18. b3 e3 19. Bxe3 Bxh3 20. Kf2 Be6 21. g4 Nf6 22. f5 Bd7 23. Bf3 Be7 24. g5 Nd5 25. Bxd5 cxd5 26. f6 Bd6 27. Re1 Bb4 28. Rc1 Ba3 29. Rb1 Bd6 30. c4 Bg3+ 31. Kxg3 Rxe3+ 32. Nf3 Bc6 33. Re1 Rxe1 34. Nxe1 Kf8 35. Kf4 Ke8 36. Nd3 Kd7 37. Ke5 dxc4 38. bxc4 b6 39. Nb4 Bb7 40. d5 Ba8 41. Nc2 Bb7 42. Ne3 Bc8 43. Ng4 Kc7 44. Nh6 Ba6 45. Nxf7 Kd7 46. Nd6 b5 47. Nxb5 1-0